1200 1095 1154 1442 1427 1881 1156 1197 1575 1237 1551 1213 1927 1700 1548 1310 1750 1349 1408 1585 1003 1786 1125 1430 1352 1834 1032 1020 1632 1802 1270 1930 1517 1925 1069 1760 1976 1234 1530 1801 1331 1784 1681 1323 1524 1493 1237 1815 1701 1679 1249 1844 1985 1325 1742 1395 1761 1438 1984 1754 1887 1303 1669 1879 1858 1139 1996 1330 1061 1494 1782 1878 1069 1984 1076 1560 1984 1087 1981 1021 1523 1945 1144 1498 1931 1009 1883 1255 1201 1003 1976 1241 1426 1611 1294 1245 1794 1335 1464 BCNSPRNW ULIB Ver.6.0+V

เปลี่ยนเป็นภาษาไทย

Change to English
 แสดงรายละเอียดบรรณานุกรม
  กลับหน้าหลัก

Brief Record : Get Marc (ISO 2709) : E-mail record : QR code < ปิดหน้าต่าง
LEADER : 00000nam 2200000uu 4500
001    13399126555
003     ULIB
008    181021s2555||||th 000 0 tha d
020    ^a9789740330165^c130
060 04 ^aWL346^bจ425ค
100 0  ^aจิตติมา เจริญลิ้มประเสริฐ
245 10 ^aคู่มือการออกกำลังกาย :^bแบบช่วยทำการเคลื่อนไหวข้อต่อในผู้ป่วยอัมพาต (ความรู้เบื้องต้นสำหรับผู้ป่วยและผู้ดูแล) /^cจิตติมา เจริญลิ้มประเสริฐ
250    ^aพิมพ์ครั้งที่ 1
260    ^aกรุงเทพฯ :^bสำนักพิมพ์แห่งจุฬาลงกรณ์มหาวิทยาลัย,^c2555
300    ^a47 หน้า :^bภาพประกอบ ;^c26 ซม. +^eซีดีรอม 1 แผ่น
650  4 ^aการออกกำลังกาย^xเครื่องมือและอุปกรณ์
650  4 ^aอัมพาต^xผู้ป่วย^xการรักษาด้วยการออกกำลังกาย^vคู่มือ
650  4 ^aอัมพาต^xผู้ป่วย^xการฟื้นฟูสมรรถภาพ
650  4 ^aอัมพาต^xกายภาพบำบัด
650  4 ^aกายบริหารยืดเส้น^vคู่มือ
650  4 ^aการออกกำลังกาย^vคู่มือ
945    ^p130^l0^i26824
945    ^p130^l0^i26833
945    ^p130^l0^i26826
945    ^p130^l0^i26825
945    ^p130^l0^i26832
945    ^p130^l0^i26831
945    ^p130^l0^i26830
945    ^p130^l0^i26829
945    ^p130^l0^i26828
945    ^p130^l0^i26827
999    ^aกัณชพร จุลอักษร
รายการนี้ยังไม่มีแท็ก
คุณยังไม่ได้ล็อกอิน คุณสามารถมีกิจกรรมร่วมกับเว็บไซต์ได้ แต่ต้องล็อกอินก่อน ::
  ล็อกอิน

รายการสื่อสารสนเทศ

ลำดับที่ ประเภท เลขเรียก/บาร์โค้ด สถานที่ สถานะ
1. หนังสือสำรอง
หนังสือสำรอง
WL346 จ425ค ฉ.1 
  Barcode: 26824
ห้องสมุดวิทยาเขตนครสวรรค์
►หนังสือทั่วไป:l:General Books
บนชั้น
2. วิทยาศาสตร์การแพทย์ และสุขภาพ
วิทยาศาสตร์การแพทย์ และสุขภาพ
WL346 จ425ค ฉ.10 
  Barcode: 26833
ห้องสมุดวิทยาเขตนครสวรรค์
►หนังสือทั่วไป:l:General Books
บนชั้น
3. วิทยาศาสตร์การแพทย์ และสุขภาพ
วิทยาศาสตร์การแพทย์ และสุขภาพ
WL346 จ425ค ฉ.2 
  Barcode: 26825
ห้องสมุดวิทยาเขตนครสวรรค์
►หนังสือทั่วไป:l:General Books
บนชั้น
4. วิทยาศาสตร์การแพทย์ และสุขภาพ
วิทยาศาสตร์การแพทย์ และสุขภาพ
WL346 จ425ค ฉ.3 
  Barcode: 26826
ห้องสมุดวิทยาเขตนครสวรรค์
►หนังสือทั่วไป:l:General Books
บนชั้น
5. วิทยาศาสตร์การแพทย์ และสุขภาพ
วิทยาศาสตร์การแพทย์ และสุขภาพ
WL346 จ425ค ฉ.4 
  Barcode: 26827
ห้องสมุดวิทยาเขตนครสวรรค์
►หนังสือทั่วไป:l:General Books
บนชั้น
6. วิทยาศาสตร์การแพทย์ และสุขภาพ
วิทยาศาสตร์การแพทย์ และสุขภาพ
WL346 จ425ค ฉ.5 
  Barcode: 26828
ห้องสมุดวิทยาเขตนครสวรรค์
►หนังสือทั่วไป:l:General Books
บนชั้น
7. วิทยาศาสตร์การแพทย์ และสุขภาพ
วิทยาศาสตร์การแพทย์ และสุขภาพ
WL346 จ425ค ฉ.6 
  Barcode: 26829
ห้องสมุดวิทยาเขตนครสวรรค์
►หนังสือทั่วไป:l:General Books
บนชั้น
8. วิทยาศาสตร์การแพทย์ และสุขภาพ
วิทยาศาสตร์การแพทย์ และสุขภาพ
WL346 จ425ค ฉ.7 
  Barcode: 26830
ห้องสมุดวิทยาเขตนครสวรรค์
►หนังสือทั่วไป:l:General Books
บนชั้น
9. วิทยาศาสตร์การแพทย์ และสุขภาพ
วิทยาศาสตร์การแพทย์ และสุขภาพ
WL346 จ425ค ฉ.8 
  Barcode: 26831
ห้องสมุดวิทยาเขตนครสวรรค์
►หนังสือทั่วไป:l:General Books
บนชั้น
10. วิทยาศาสตร์การแพทย์ และสุขภาพ
วิทยาศาสตร์การแพทย์ และสุขภาพ
WL346 จ425ค ฉ.9 
  Barcode: 26832
ห้องสมุดวิทยาเขตนครสวรรค์
►หนังสือทั่วไป:l:General Books
บนชั้น

รายการใกล้เคียง
    ผู้แต่ง [จิตติมา เจริญลิ้มประเสริฐ]

BibComment


ยังไม่เคยถูกคอมเมนท์

คอมเมนท์ทรัพยากรรายการนี้
  คอมเมนท์: คู่มือการออกกำลั..


 Copyright 2026. Bcnsprnw @Library